LEADER 01395nam a2200301 i 4500 001 991002310119707536 008 070402s2005 it b 001 0 ita d 020 $a8888156356 035 $ab13507655-39ule_inst 040 $aDip.to Filologia Class. e Scienze Filosofiche$bita 082 04$a945.7531 082 04$a307.7609457531 100 1 $aSpedicato, Mario$0140384 245 10$aLecce alia Neapolis :$bnascita e tramonto di un primato urbano, secc. 16.-17. /$cMario Spedicato 260 $aGalatina :$bPanico,$c[2005] 300 $a146 p. ;$c21 cm. 440 0$aCultura e storia / Collana della Societą di storia patria, sez. di Lecce ;$v11 500 $aContiene bibliografia e indici 650 4$aReligione e politica$zLecce$ySec. 16.-19. 650 4$aStoria urbana$zLecce$ySec. 16.-19. 907 $a.b13507655$b02-04-14$c02-04-07 912 $a991002310119707536 945 $aLE007 940 SPE 01.01$g1$i2007000116722$lle007$nLE007 2007 Arcuti$on$pE15.00$q-$rl$s- $t0$u0$v0$w0$x0$y.i14415811$z02-04-07 945 $aLE005 300 SPE02. 01$g1$i2005000182266$lle005$o-$pE15.00$q-$rl$s- $t0$u14$v6$w14$x0$y.i14428052$z19-04-07 945 $aLE023 945.753 SPE 1 2 $g1$i2023000130346$lle023$o-$pE15.00$q-$rn$so $t0$u8$v0$w8$x0$y.i15322579$z22-09-11 996 $aLecce alia Neapolis$91220863 997 $aUNISALENTO 998 $ale007$ale005$ale023$b02-04-07$cm$da $e-$fita$git $h0$i0 LEADER 03629oam 22008654a 450 001 9910970093003321 005 20221208204357.0 010 $a9781526121400 010 $a1526121409 010 $a9781526121394 010 $a1526121395 024 7 $a10.7765/9781526121394 035 $a(CKB)4340000000206920 035 $a(MiAaPQ)EBC5090777 035 $a(OCoLC)1132225031 035 $a(MdBmJHUP)muse77727 035 $a(DE-B1597)658866 035 $a(DE-B1597)9781526121394 035 $a(Perlego)1526218 035 $a(EXLCZ)994340000000206920 100 $a20171205d2017 uy 0 101 0 $aeng 135 $aurcnu|||||||| 181 $2rdacontent 182 $2rdamedia 183 $2rdacarrier 200 14$aThe state as master$eGender, state formation and commercialisation in urban Sweden, 1650?1780 /$fMaria A?gren 210 1$aManchester :$cManchester University Press,$d2017. 210 3$aBaltimore, Md. :$cProject MUSE,$d2020 210 4$d©2017. 215 $a1 online resource (186 pages) $cillustrations, table 225 0 $aGender in history 311 08$a9781526100641 311 08$a1526100649 320 $aIncludes bibliographical references (pages 154-163) and index. 330 $aWe tend to think of state service as the typical male form of work. However, this notion does not do justice to the early history of states and their servants, and it obscures the role of women and gender entirely. Teasing out these entanglements, The state as master shows how early modern state formation was subsidized by ordinary people's work and how, at the same time, the changing relationship between state authorities and families shaped the understanding of work and gender. This book is both a fascinating story of the hardships of customs official families in small Swedish towns and an innovative analysis of state formation and its short- and long-term effects. 410 0$aGender in history. 606 $aWomen$2fast$3(OCoLC)fst01176568 606 $aSex role in the work environment$2fast$3(OCoLC)fst01114655 606 $aCustoms administration$xOfficials and employees$2fast$3(OCoLC)fst00885589 606 $aWomen$zSweden$xHistory$y18th century 606 $aWomen$zSweden$xHistory$y17th century 606 $aSex role in the work environment$zSweden 606 $aCustoms administration$zSweden$xOfficials and employees$xHistory$y18th century 606 $aCustoms administration$zSweden$xOfficials and employees$xHistory$y17th century 607 $aSweden$2fast 608 $aHistory. 610 $aChristian world view. 610 $aearly modern European culture. 610 $aearly modern state formation. 610 $ahostility. 610 $amutual help. 610 $asmall-scale market relations. 610 $asocial control. 610 $astate administration. 610 $astate servants. 610 $astate service. 610 $aviolence. 610 $awomen's role. 615 7$aWomen. 615 7$aSex role in the work environment. 615 7$aCustoms administration$xOfficials and employees. 615 7$aWomen$xHistory 615 7$aWomen$xHistory 615 7$aSex role in the work environment 615 7$aCustoms administration$xOfficials and employees$xHistory 615 7$aCustoms administration$xOfficials and employees$xHistory 676 $a352.4/480948509032 700 $aA?gren$b Maria$01813932 801 0$bMdBmJHUP 801 1$bMdBmJHUP 906 $aBOOK 912 $a9910970093003321 996 $aThe state as master$94367458 997 $aUNINA